Efectos de la agroindustria transnacional en el desarrollo agrícola y alimentario ( teoría y evidencia en Latinoamérica) /
Gardado en:
| Autor Principal: | |
|---|---|
| Formato: | Texto |
| Materias: | |
| Etiquetas: |
Engadir etiqueta
Sen Etiquetas, Sexa o primeiro en etiquetar este rexistro!
|
MARC
| LEADER | 00000 a a2200000 04500 | ||
|---|---|---|---|
| 001 | 41804 | ||
| 003 | |||
| 040 | |||
| 100 | |a Lajo Lazo, Manuel | ||
| 245 | |a Efectos de la agroindustria transnacional en el desarrollo agrícola y alimentario ( teoría y evidencia en Latinoamérica) / |c Manuel Lajo Lazo | ||
| 650 | |a AGROINDUSTRIA | ||
| 650 | |a AMERICA LATINA | ||
| 650 | |a CONSUMO DE ALIMENTOS | ||
| 650 | |a PAISES EN DESARROLLO | ||
| 650 | |a PRECIOS | ||
| 650 | |a MERCADO | ||
| 773 | |g volumen13, número50 ( , 1982), páginas 117-170 | ||
| 999 | |c 26162 |d 26162 | ||
